'S' Vocabulary (Medium) Quiz Stats

Quiz Updated Jan 4, 2018

Challenge
Share
Tweet
Embed
Score 0/25 Timer 06:00
1 Play Today
% Correct
soprano
95.2%
scalpel
94.3%
sirloin
94.3%
stature
93.8%
summon
93.8%
squabble
93.1%
sociable
92.8%
sporadic
92.6%
sleek
92.6%
scallion
92.1%
stagnant
91.9%
stamina
91.3%
serenade
91.1%
% Correct
suppress
91%
sarcophagus
90.4%
singe
89.9%
sinister
89.2%
sustenance
89.1%
shrew
88.6%
stipulate
88.3%
scoundrel
87.5%
scabbard
87.4%
scintillate
84.2%
sultry
83.7%
scrupulous
83.5%

You're not logged in!

Compare scores with friends on all Sporcle quizzes.
Join for Free
OR
Log In

You Might Also Like...

Show Comments

Extras

Top Quizzes Today


Score Distribution

Your Account Isn't Verified!

In order to create a playlist on Sporcle, you need to verify the email address you used during registration. Go to your Sporcle Settings to finish the process.

Report this User

Report this user for behavior that violates our Community Guidelines.

Details: